<?xml version="1.0" encoding="UTF-8"?>
<record
    xmlns:xsi="http://www.w3.org/2001/XMLSchema-instance"
    xsi:schemaLocation="http://www.loc.gov/MARC21/slim http://www.loc.gov/standards/marcxml/schema/MARC21slim.xsd"
    xmlns="http://www.loc.gov/MARC21/slim">

  <leader>01650cam a22003254a 4500</leader>
  <controlfield tag="001">12809596</controlfield>
  <controlfield tag="003">DO-SdBPM</controlfield>
  <controlfield tag="005">20250507134112.0</controlfield>
  <controlfield tag="008">020506s1999    sp a    000 0dspa  </controlfield>
  <datafield tag="020" ind1=" " ind2=" ">
    <subfield code="a">8423972278</subfield>
  </datafield>
  <datafield tag="040" ind1=" " ind2=" ">
    <subfield code="a">DO-SdBPM</subfield>
    <subfield code="b">spa</subfield>
    <subfield code="c">BPMSU</subfield>
    <subfield code="d"> </subfield>
    <subfield code="e"> </subfield>
  </datafield>
  <datafield tag="082" ind1=" " ind2="4">
    <subfield code="a">946.083</subfield>
    <subfield code="b">H673e 1999</subfield>
    <subfield code="2">22</subfield>
  </datafield>
  <datafield tag="245" ind1="0" ind2="0">
    <subfield code="a">Historia de de Espa&#xF1;a :</subfield>
    <subfield code="b"> rep&#xFA;blica y guerra civil  /</subfield>
    <subfield code="c">Feliciano Montero ... [y otros]</subfield>
  </datafield>
  <datafield tag="260" ind1=" " ind2=" ">
    <subfield code="a">Madrid :</subfield>
    <subfield code="b">Espasa, </subfield>
    <subfield code="c">1999</subfield>
  </datafield>
  <datafield tag="300" ind1=" " ind2=" ">
    <subfield code="a">v. ;</subfield>
    <subfield code="c">27 cm.</subfield>
    <subfield code="b"> </subfield>
  </datafield>
  <datafield tag="505" ind1="0" ind2=" ">
    <subfield code="a">v.6 : La Espa&#xF1;a del siglo XVII : Los Austrias Menores, pol&#xED;tica y cultura en la edad moderna -- v. 7 : La Espa&#xF1;a de la ilustraci&#xF3;n : Los Borbones y el Siglo XVIII -- v. 8 : La Espa&#xF1;a de Fernando VII : La crisis del antiguo r&#xE9;gimen (1808-1833) -- v.9 : La era de los navegantes viajes y descubrimientos -- v.10 : Restauraci&#xF3;n y regencia : La Espa&#xF1;a canovista (1875-1902) -- v. 14 : La Espa&#xF1;a de Juan Carlos I : Transici&#xF3;n y democracia (1975-1999) -- v. 11 : Dos mundos frente a frente, la conquista de Am&#xE9;rica -- v. 12 : Rep&#xFA;blica y guerra civil : La crisis de la Espa&#xF1;a contempr&#xE1;nea (1931-1939).
</subfield>
  </datafield>
  <datafield tag="590" ind1=" " ind2=" ">
    <subfield code="a">Inventariado, 2025/VM</subfield>
  </datafield>
  <datafield tag="651" ind1=" " ind2="4">
    <subfield code="a">Espa&#xF1;a</subfield>
    <subfield code="x">Historia </subfield>
    <subfield code="y">XVII</subfield>
  </datafield>
  <datafield tag="651" ind1=" " ind2="4">
    <subfield code="a">Espa&#xF1;a </subfield>
    <subfield code="x">Civilizaci&#xF3;n </subfield>
    <subfield code="y">Siglo  XVII</subfield>
  </datafield>
  <datafield tag="700" ind1="1" ind2=" ">
    <subfield code="a">Carr, Raymond  </subfield>
    <subfield code="e">autor </subfield>
  </datafield>
  <datafield tag="700" ind1="1" ind2=" ">
    <subfield code="a">Fusi, Juan Pablo </subfield>
    <subfield code="e">autro </subfield>
  </datafield>
  <datafield tag="700" ind1="1" ind2=" ">
    <subfield code="a"> Palafox, Jordi </subfield>
    <subfield code="e">autor </subfield>
  </datafield>
  <datafield tag="700" ind1="1" ind2=" ">
    <subfield code="a">Montero, Feliciano</subfield>
    <subfield code="e">autor</subfield>
  </datafield>
  <datafield tag="700" ind1="1" ind2=" ">
    <subfield code="a">Mart&#xED;nez de Velazco, &#xC1;ngel </subfield>
    <subfield code="e">autor </subfield>
  </datafield>
  <datafield tag="700" ind1="1" ind2=" ">
    <subfield code="a">Fernan&#xE1;ndez D&#xED;az, Roberto </subfield>
    <subfield code="e">autor </subfield>
  </datafield>
  <datafield tag="700" ind1="1" ind2=" ">
    <subfield code="a">Ricardo, Mart&#xED;n </subfield>
    <subfield code="e">director de la obra </subfield>
  </datafield>
  <datafield tag="710" ind1="2" ind2=" ">
    <subfield code="a">Salvat</subfield>
  </datafield>
  <datafield tag="910" ind1=" " ind2=" ">
    <subfield code="a">VMateo V. Control de calidad. BPMSU </subfield>
  </datafield>
  <datafield tag="942" ind1=" " ind2=" ">
    <subfield code="2">ddc</subfield>
    <subfield code="c">BK</subfield>
  </datafield>
  <datafield tag="952" ind1=" " ind2=" ">
    <subfield code="0">0</subfield>
    <subfield code="1">0</subfield>
    <subfield code="2">ddc</subfield>
    <subfield code="4">0</subfield>
    <subfield code="7">0</subfield>
    <subfield code="8">CG</subfield>
    <subfield code="a">BPMET</subfield>
    <subfield code="b">BPMET</subfield>
    <subfield code="d">2025-05-07</subfield>
    <subfield code="l">0</subfield>
    <subfield code="o">BPMSU CG 946.083 H673e 1999</subfield>
    <subfield code="p">BPMSU25050007</subfield>
    <subfield code="r">2025-05-07</subfield>
    <subfield code="t">v.12</subfield>
    <subfield code="w">2025-05-07</subfield>
    <subfield code="y">BK</subfield>
  </datafield>
  <datafield tag="999" ind1=" " ind2=" ">
    <subfield code="c">15040</subfield>
    <subfield code="d">15040</subfield>
  </datafield>
</record>
